Tabulky materiálů a předvýrobků pro strojírenství 2 : Kovové materiály - neželezné kovy
Gespeichert in:
| 1. Verfasser: | |
|---|---|
| Format: | Buch |
| Sprache: | Tschechisch |
| Veröffentlicht: |
Ostrava :
MONTANEX,
2000
|
| Schlagworte: | |
| Online-Zugang: | OBSAH |
| Tags: |
Keine Tags, Fügen Sie das erste Tag hinzu!
|
MARC
| LEADER | 00000nam a22000003a 4500 | ||
|---|---|---|---|
| 001 | stu55589 | ||
| 005 | 20150617225659.8 | ||
| 008 | 001109s2000----xr------------------cze-d | ||
| 020 | |a 80-7225-017-5 | ||
| 040 | |a STU |b slo | ||
| 041 | 0 | |a cze | |
| 044 | |a xr | ||
| 080 | |a 669.2/.8(083.5) | ||
| 100 | 1 | |a Kříž, Rudolf |4 aut | |
| 245 | 1 | |a Tabulky materiálů a předvýrobků pro strojírenství 2 : |b Kovové materiály - neželezné kovy | |
| 260 | |a Ostrava : |b MONTANEX, |c 2000 | ||
| 300 | |a 263 s | ||
| 650 | 7 | |a Materiály kovové-tabuľky |2 stusub | |
| 650 | 7 | |a Kovy neželezné-tabuľky |2 stusub | |
| 856 | 4 | |a https://sweb.mtf.stuba.sk/obsahy/tabulky_materialu_a_predvyrobku_pro_strojirenstvi_2_cast_00.pdf |u https://sweb.mtf.stuba.sk/obsahy/tabulky_materialu_a_predvyrobku_pro_strojirenstvi_2_cast_00.pdf |3 OBSAH | |
| 996 | |b C96539 |c C*96539 |l CCVI |s P |a 0 |w stu55589_0001 | ||
| 996 | |b 284M023211 |c M*10277/2-2 |l MMKN |s A |a 24 |w stu55589_0002 | ||
| 996 | |b 284J011043 |c J*100613 |l JJST |s P |a 0 |w stu55589_0003 | ||
| 996 | |b 284M025763 |c M*10277/2-1 |l MMKN |s A |a 24 |w stu55589_0004 | ||